Pays européens en breton - Statistiques

Statistiques générales
  • Ce quiz a été pris 35 fois
    29 depuis la dernière actualisation
  • Le résultat moyen est 35 sur 45
Réponses sur la Carte
Les réponses sont colorées sur une échelle allant du rouge au vert en fonction du pourcentage des utilisateurs qui les ont devinées à leur premier essai. Vous pouvez retrouver ces pourcentages ci-dessous.
 
Statistiques - réponses
Réponse % Correct
Bro-spagn
92%
Portugal
92%
Andorra
88%
Aostria
88%
Belgia
88%
Bro-c'hall
88%
Polonia
88%
Belarus
83%
Bro-alamagn
83%
Bro-rusia
83%
Bro-suis
83%
Danmark
83%
Finland
83%
Gres
83%
Island
83%
Italia
83%
Monako
83%
Norvegia
83%
Rouantelezh unanet
83%
Sveden
83%
Vatikan
83%
Estonia
79%
Hungaria
79%
Lituania
79%
Malta
79%
Kroatia
75%
Latvia
75%
liechtenstein
75%
Luksembourg
75%
Republik tchek
75%
Ukraina
75%
Albania
71%
Bosnia ha Herzegovina
71%
Bulgaria
71%
Iwerzhon
71%
Kosovo
71%
Makedonia
71%
Moldova
71%
Roumania
71%
San marino
67%
Slovakia
67%
Slovenia
67%
Montenegro
63%
Izelvroioù
58%
Serbia
58%
Aucun quiz correspondant
Distribution des résultats
% des personnes avec chaque résultat
Percentile par nombre de réponses
Votre historique - résultats
Vous n’avez pas pris ce quiz depuis la dernière actualisation